000 00716nam a2200217 i 4500
001 183371
003 ES-MaACL
005 20250815070151.0
008 140409s1910 it | |||| ||ita d
080 _a821.133.1-22"15"
100 1 _aBoccalini, Traiano (
_d1556-1613)
_9154678
245 1 0 _aRagguagli di Parnaso e Pietra del paragone politico.
_nI /
_cTraiano Boccalini ; a cura di Giuseppe Rua.
260 _aBari :
_bGius. Laterza & Figli,
_c1910.
300 _a377 p. ;
_c21 cm.
490 1 _aScrittori d'Italia ;
_v6
700 1 _aRua, Giuseppe.
_9154679
740 0 0 _aPietra del paragone politico.
830 0 0 _aScrittori d'Italia
_v6
_9191925
852 _aES-MaACL
_jG-3707
999 _c183371
_d183371